<?xml version="1.0" encoding="UTF-8"?>
<record
    xmlns:xsi="http://www.w3.org/2001/XMLSchema-instance"
    xsi:schemaLocation="http://www.loc.gov/MARC21/slim http://www.loc.gov/standards/marcxml/schema/MARC21slim.xsd"
    xmlns="http://www.loc.gov/MARC21/slim">

  <leader>00601nam a22001577a 4500</leader>
  <controlfield tag="003">OSt</controlfield>
  <controlfield tag="005">20151201092313.0</controlfield>
  <controlfield tag="008">151201b        xxu||||| |||| 00| 0 eng d</controlfield>
  <datafield tag="040" ind1=" " ind2=" ">
    <subfield code="c">RUA</subfield>
  </datafield>
  <datafield tag="082" ind1=" " ind2=" ">
    <subfield code="a">FIS LAY 2000 B172 Or.1</subfield>
  </datafield>
  <datafield tag="100" ind1=" " ind2=" ">
    <subfield code="9">4048</subfield>
    <subfield code="a">LAY, CHANTHY.</subfield>
  </datafield>
  <datafield tag="245" ind1=" " ind2=" ">
    <subfield code="a">dried channa spp processing and exportation of lian heng trading co, ltd (&#x1780;&#x17B6;&#x179A;&#x1780;&#x17C2;&#x1785;&#x17D2;&#x1793;&#x17C3; &#x1793;&#x17B7;&#x1784; &#x1780;&#x17B6;&#x179A;&#x1793;&#x17B6;&#x17C6;&#x1785;&#x17C1;&#x1789;&#x178F;&#x17D2;&#x179A;&#x17B8;&#x1784;&#x17C0;&#x178F;&#x1785;&#x17C6;&#x179A;&#x17C0;&#x1780;&#x179A;&#x17C9;&#x179F;&#x17CB;&#x1793;&#x17C3;&#x1780;&#x17D2;&#x179A;&#x17BB;&#x1798;&#x17A0;&#x17CA;&#x17BB;&#x1793; &#x179B;&#x17B6;&#x1793; &#x17A0;&#x17C1;&#x1784;)</subfield>
  </datafield>
  <datafield tag="260" ind1=" " ind2=" ">
    <subfield code="a">Phnom Penh</subfield>
    <subfield code="b">RUA</subfield>
    <subfield code="c">2000</subfield>
  </datafield>
  <datafield tag="300" ind1=" " ind2=" ">
    <subfield code="a">42p.</subfield>
    <subfield code="b">ill.</subfield>
    <subfield code="c">29cm.</subfield>
  </datafield>
  <datafield tag="942" ind1=" " ind2=" ">
    <subfield code="2">ddc</subfield>
    <subfield code="c">FIS</subfield>
  </datafield>
  <datafield tag="999" ind1=" " ind2=" ">
    <subfield code="c">3766</subfield>
    <subfield code="d">3766</subfield>
  </datafield>
  <datafield tag="952" ind1=" " ind2=" ">
    <subfield code="0">0</subfield>
    <subfield code="1">0</subfield>
    <subfield code="2">ddc</subfield>
    <subfield code="4">0</subfield>
    <subfield code="6">FIS_LAY_2000_000000000000000_B172_OR_1</subfield>
    <subfield code="7">0</subfield>
    <subfield code="9">18945</subfield>
    <subfield code="a">LBB</subfield>
    <subfield code="b">LBB</subfield>
    <subfield code="c">B172</subfield>
    <subfield code="d">2015-12-01</subfield>
    <subfield code="o">FIS LAY 2000 B172 Or.1</subfield>
    <subfield code="p">RUA025731</subfield>
    <subfield code="r">2015-12-01</subfield>
    <subfield code="w">2015-12-01</subfield>
    <subfield code="y">FIS</subfield>
  </datafield>
  <datafield tag="952" ind1=" " ind2=" ">
    <subfield code="0">0</subfield>
    <subfield code="1">0</subfield>
    <subfield code="2">ddc</subfield>
    <subfield code="4">0</subfield>
    <subfield code="6">FIS_LAY_2000_000000000000000_B172_OR_2</subfield>
    <subfield code="7">0</subfield>
    <subfield code="9">18946</subfield>
    <subfield code="a">LBB</subfield>
    <subfield code="b">LBB</subfield>
    <subfield code="c">B172</subfield>
    <subfield code="d">2015-12-01</subfield>
    <subfield code="o">FIS LAY 2000 B172 Or.2</subfield>
    <subfield code="p">RUA025947</subfield>
    <subfield code="r">2015-12-01</subfield>
    <subfield code="w">2015-12-01</subfield>
    <subfield code="y">FIS</subfield>
  </datafield>
  <datafield tag="952" ind1=" " ind2=" ">
    <subfield code="0">0</subfield>
    <subfield code="1">0</subfield>
    <subfield code="2">ddc</subfield>
    <subfield code="4">0</subfield>
    <subfield code="6">FIS_LAY_2000_000000000000000_B172_OR_3</subfield>
    <subfield code="7">0</subfield>
    <subfield code="9">18947</subfield>
    <subfield code="a">LBB</subfield>
    <subfield code="b">LBB</subfield>
    <subfield code="c">B172</subfield>
    <subfield code="d">2015-12-01</subfield>
    <subfield code="o">FIS LAY 2000 B172 Or.3</subfield>
    <subfield code="p">RUA025528</subfield>
    <subfield code="r">2015-12-01</subfield>
    <subfield code="w">2015-12-01</subfield>
    <subfield code="y">FIS</subfield>
  </datafield>
  <datafield tag="952" ind1=" " ind2=" ">
    <subfield code="0">0</subfield>
    <subfield code="1">0</subfield>
    <subfield code="2">ddc</subfield>
    <subfield code="4">0</subfield>
    <subfield code="6">FIS_LAY_2000_000000000000000_B172_OR_4</subfield>
    <subfield code="7">0</subfield>
    <subfield code="9">18948</subfield>
    <subfield code="a">LBB</subfield>
    <subfield code="b">LBB</subfield>
    <subfield code="c">B172</subfield>
    <subfield code="d">2015-12-01</subfield>
    <subfield code="o">FIS LAY 2000 B172 Or.4</subfield>
    <subfield code="p">RUA025875</subfield>
    <subfield code="r">2015-12-01</subfield>
    <subfield code="w">2015-12-01</subfield>
    <subfield code="y">FIS</subfield>
  </datafield>
  <datafield tag="952" ind1=" " ind2=" ">
    <subfield code="0">0</subfield>
    <subfield code="1">0</subfield>
    <subfield code="2">ddc</subfield>
    <subfield code="4">0</subfield>
    <subfield code="6">FIS_LAY_2000_000000000000000_B172_OR_5</subfield>
    <subfield code="7">0</subfield>
    <subfield code="9">18949</subfield>
    <subfield code="a">LBB</subfield>
    <subfield code="b">LBB</subfield>
    <subfield code="c">B172</subfield>
    <subfield code="d">2015-12-01</subfield>
    <subfield code="l">1</subfield>
    <subfield code="o">FIS LAY 2000 B172 Or.5</subfield>
    <subfield code="p">RUA025803</subfield>
    <subfield code="r">2022-12-28</subfield>
    <subfield code="s">2022-12-02</subfield>
    <subfield code="w">2015-12-01</subfield>
    <subfield code="y">FIS</subfield>
  </datafield>
  <datafield tag="952" ind1=" " ind2=" ">
    <subfield code="0">0</subfield>
    <subfield code="1">0</subfield>
    <subfield code="2">ddc</subfield>
    <subfield code="4">0</subfield>
    <subfield code="6">FIS_LAY_2000_000000000000000_B172_OR_6</subfield>
    <subfield code="7">0</subfield>
    <subfield code="9">18950</subfield>
    <subfield code="a">LBB</subfield>
    <subfield code="b">LBB</subfield>
    <subfield code="c">B172</subfield>
    <subfield code="d">2015-12-01</subfield>
    <subfield code="l">2</subfield>
    <subfield code="o">FIS LAY 2000 B172 Or.6</subfield>
    <subfield code="p">RUA043154</subfield>
    <subfield code="r">2025-09-03</subfield>
    <subfield code="s">2025-08-08</subfield>
    <subfield code="w">2015-12-01</subfield>
    <subfield code="y">FIS</subfield>
  </datafield>
</record>
